000 00431cam a2200193 4500
001 D7643
008 090401t1955 xxu||||| |||| 00| 0 eng d
035 _a(Sirsi) u8663
041 _aeng
050 _a711.14
100 _aOliver, W.
245 _aPlanning compensation valuations
260 _bSweet & Maxwell
_c1955
300 _a827p
350 _a1.88
700 _aGoodfellow, K.
942 _n0
948 _c04/03/1997
999 _c86542
_d86542